000
00315nam a2200121Ia 4500
008
190216s9999||||xx |||||||||||||| ||und||
100
_a
Visweswara Rao C R
245
0
_a
Eliot`S Plays Religious Idea And Dramatic Desing
260
_b
S Vishwanathan
_c
1989
300
_a
200p
650
_a
English Drama
942
_c
BK
999
_c
13694
_d
13694